| 000 | 00372nam a22001577a 4500 | ||
|---|---|---|---|
| 003 | CEME | ||
| 005 | 20210628205705.0 | ||
| 008 | 210315b xxu||||| |||| 00| 0 eng d | ||
| 040 | _c. | ||
| 082 | _a297.14 SHA | ||
| 100 |
_aShah Wali Ullah _976667 |
||
| 245 | _aHujjatullah al balighah | ||
| 260 |
_aLAHORE _bMAKTABA REHMANIA _c1995 |
||
| 300 | _a710P | ||
| 942 |
_cBK _2ddc |
||
| 999 |
_c582021 _d582021 |
||